[Event "ENCI Limburg-open B"]
[Site "Maastricht"]
[Date "2010.05.23"]
[Round "4"]
[White "Gunther, Justin"]
[Black "Pijlman, Rene"]
[Result "1-0"]
[WhiteElo "1996"]
[BlackElo "1914"]
[PlyCount "69"]
[EventDate "2010.05.21"]
[EventType "swiss"]
[EventRounds "7"]
[EventCountry "NED"]
[Source "P.Boonen"]
[SourceDate "2010.10.01"]

1. e4 c5 2. Nf3 d6 3. d4 cxd4 4. Nxd4 Nf6 5. Nc3 g6 6. Be3 Bg7 7. f3 a6 8. Qd2
Nbd7 9. Bc4 Qc7 10. Bb3 h6 11. O-O-O b5 12. h4 Bb7 13. h5 g5 14. Nf5 Bf8 15.
Bd4 Rh7 16. Kb1 O-O-O 17. Ne2 e6 18. Ne3 Be7 19. c4 Nc5 20. cxb5 axb5 21. Rc1
Kb8 22. Bc3 Rd7 23. Ba5 Qc6 24. Bc2 Qa6 25. b4 Na4 26. Bxa4 bxa4 27. Nd4 Bd8
28. Bxd8 Rxd8 29. b5 Qa7 30. e5 Nd5 31. Nxd5 Bxd5 32. Nc6+ Bxc6 33. Rxc6 d5 34.
Ra6 Qc5 35. Qa5 1-0

[Event "ENCI Limburg-open B"]
[Site "Maastricht"]
[Date "2010.05.23"]
[Round "4"]
[White "Jurrius, Theo"]
[Black "Coenen, Bert"]
[Result "1-0"]
[WhiteElo "2016"]
[BlackElo "1844"]
[PlyCount "63"]
[EventDate "2010.05.21"]
[EventType "swiss"]
[EventRounds "7"]
[EventCountry "NED"]
[Source "P.Boonen"]
[SourceDate "2010.10.01"]

1. e4 c5 2. d4 cxd4 3. c3 dxc3 4. Nxc3 Nc6 5. Nf3 e6 6. Bc4 d6 7. O-O Nf6 8.
Qe2 Be7 9. Rd1 Qc7 10. Nb5 Qb8 11. Bg5 a6 12. Bxf6 gxf6 13. Nbd4 Ne5 14. Bb3
Nxf3+ 15. Qxf3 Bd7 16. Qh5 Kf8 17. Rac1 a5 18. a4 Ra6 19. Rc3 Ra8 20. Kh1 h6
21. Nf5 Be8 22. Nxe7 Kxe7 23. Rf3 Bc6 24. Qh4 Qg8 25. Qxf6+ Ke8 26. Rxd6 Bxe4
27. Rg3 Qf8 28. h3 Rc8 29. Kh2 Rh7 30. Rd4 Bf5 31. Bc4 Qc5 32. Rg8+ 1-0

[Event "ENCI Limburg-open B"]
[Site "Maastricht"]
[Date "2010.05.23"]
[Round "4"]
[White "Keetman, Dennis"]
[Black "Bieberle, Gerhart"]
[Result "0-1"]
[WhiteElo "1886"]
[BlackElo "1947"]
[PlyCount "84"]
[EventDate "2010.05.21"]
[EventType "swiss"]
[EventRounds "7"]
[EventCountry "NED"]
[Source "P.Boonen"]
[SourceDate "2010.10.01"]

1. e4 e6 2. d4 d5 3. Bd3 c5 4. c3 Nc6 5. Nf3 dxe4 6. Bxe4 Nf6 7. Bxc6+ bxc6 8.
O-O cxd4 9. Nxd4 Bb7 10. Bg5 Be7 11. Nd2 h6 12. Bh4 O-O 13. N2f3 Qb6 14. b3
Rad8 15. Qc2 c5 16. Ne2 Be4 17. Qc1 Qb7 18. Bxf6 Bxf6 19. Qf4 Bxf3 20. gxf3 Rd3
21. Kg2 Rfd8 22. Rg1 Bxc3 23. Nxc3 Rxc3 24. Rad1 Rcd3 25. Rc1 R8d5 26. Kh1 g5
27. Qe4 Qd7 28. Qh4 Kg7 29. Qe4 R3d4 30. Qe3 Qd6 31. Qc3 Kg6 32. Rg3 h5 33.
Rcg1 Qf4 34. Qc2+ Kh6 35. Qc3 Qd2 36. Qe3 Qd3 37. R3g2 Qg6 38. Qc3 Qf6 39. Qe3
Rd3 40. Qc1 Qxf3 41. h4 f6 42. Qb2 R3d4 0-1

[Event "ENCI Limburg-open B"]
[Site "Maastricht"]
[Date "2010.05.23"]
[Round "4"]
[White "Kuck, Ulrich"]
[Black "Van Asseldonk, Paul"]
[Result "1-0"]
[WhiteElo "1951"]
[BlackElo "2027"]
[PlyCount "69"]
[EventDate "2010.05.21"]
[EventType "swiss"]
[EventRounds "7"]
[EventCountry "NED"]
[Source "P.Boonen"]
[SourceDate "2010.10.01"]

1. e4 c5 2. c3 Nf6 3. e5 Nd5 4. d4 Nc6 5. Bc4 Nb6 6. Bb3 cxd4 7. cxd4 d6 8. Nf3
dxe5 9. d5 Na5 10. Nc3 Nxb3 11. Qxb3 e6 12. Nxe5 Bd6 13. dxe6 Bxe6 14. Qb5+ Nd7
15. Nxd7 Qxd7 16. Ne4 Be7 17. Qxd7+ Bxd7 18. Be3 Bc6 19. f3 O-O 20. Nd2 Bf6 21.
O-O-O Rfe8 22. Rhe1 Be5 23. Bg1 Bf4 24. Kc2 Rac8 25. Rxe8+ Bxe8+ 26. Kb1 Bb5
27. Nb3 a5 28. g3 Be2 29. Re1 Bd3+ 30. Ka1 Bg5 31. Nc5 Bb5 32. Ne4 Bh6 33. Nd6
Bd2 34. Rb1 Rc5 35. Bxc5 1-0

[Event "ENCI Limburg-open B"]
[Site "Maastricht"]
[Date "2010.05.23"]
[Round "4"]
[White "Liston, Mike"]
[Black "Holwijn, Melvin"]
[Result "0-1"]
[WhiteElo "1705"]
[BlackElo "2021"]
[PlyCount "54"]
[EventDate "2010.05.21"]
[EventType "swiss"]
[EventRounds "7"]
[EventCountry "NED"]
[Source "P.Boonen"]
[SourceDate "2010.10.01"]

1. e4 d5 2. exd5 Qxd5 3. d4 Nf6 4. Nc3 Qa5 5. Nf3 c6 6. Be2 Bg4 7. O-O e6 8.
Bd2 Qc7 9. Ne5 Bxe2 10. Qxe2 Nbd7 11. Bf4 Bd6 12. Rfe1 O-O 13. Nxd7 Qxd7 14.
Bxd6 Qxd6 15. Qe5 Qb4 16. Rab1 Rad8 17. Ne2 Qc4 18. Qa5 Qxc2 19. Qxa7 Rd7 20.
Qc5 Qa4 21. a3 Ra8 22. Rec1 Qa5 23. f3 Qd2 24. Kf1 Nd5 25. Kf2 Nf4 26. Rc2 Nd3+
27. Kf1 Qe3 0-1

[Event "ENCI Limburg-open B"]
[Site "Maastricht"]
[Date "2010.05.23"]
[Round "4"]
[White "Maassen van de Brink, Koen"]
[Black "De Wit, Albert"]
[Result "1-0"]
[WhiteElo "1824"]
[BlackElo "1955"]
[PlyCount "63"]
[EventDate "2010.05.21"]
[EventType "swiss"]
[EventRounds "7"]
[EventCountry "NED"]
[Source "P.Boonen"]
[SourceDate "2010.10.01"]

1. e4 g6 2. Nc3 Bg7 3. Nge2 c6 4. d4 d5 5. exd5 cxd5 6. Bf4 a6 7. h3 Nc6 8. g4
h5 9. gxh5 Rxh5 10. Bg2 e6 11. Qd2 Nge7 12. Ng3 Rh4 13. Nce2 Qb6 14. c3 e5 15.
Bg5 Rh7 16. dxe5 Nxe5 17. Be3 Qb5 18. O-O-O Be6 19. Nd4 Qa4 20. Kb1 Rc8 21.
Nxe6 fxe6 22. Rhe1 Kf7 23. Bd4 Nc4 24. Qf4+ Nf5 25. Nxf5 gxf5 26. Bxd5 Rh6 27.
Qxf5+ Ke7 28. Rxe6+ Rxe6 29. Qxe6+ Kd8 30. Qg8+ Kc7 31. Qxg7+ Kb8 32. Qxb7# 1-0

[Event "ENCI Limburg-open B"]
[Site "Maastricht"]
[Date "2010.05.23"]
[Round "4"]
[White "Mohamedjoesoef, Rafiek"]
[Black "Broekmeulen, Joris"]
[Result "0-1"]
[WhiteElo "1795"]
[BlackElo "1864"]
[PlyCount "100"]
[EventDate "2010.05.21"]
[EventType "swiss"]
[EventRounds "7"]
[EventCountry "NED"]
[Source "P.Boonen"]
[SourceDate "2010.10.01"]

1. e4 c5 2. Nf3 d6 3. h3 Nc6 4. c3 Nf6 5. Bd3 g6 6. O-O Bg7 7. Bc2 O-O 8. Re1
b6 9. d4 cxd4 10. cxd4 Bb7 11. Nc3 Rc8 12. Bg5 h6 13. Bxf6 Bxf6 14. e5 dxe5 15.
dxe5 Bg7 16. e6 f5 17. Rc1 Na5 18. Qe2 Rc7 19. Rcd1 Qc8 20. Ba4 Bxc3 21. bxc3
Bxf3 22. Qxf3 Rxc3 23. Qd5 Rc4 24. Bb3 Nxb3 25. axb3 Rc2 26. Rd2 Rc6 27. Qd7
Rc7 28. Qd5 Rf6 29. Rd4 Rf8 30. Red1 Rc6 31. Qd7 Qxd7 32. Rxd7 Rxe6 33. Rxa7
Rc8 34. Rdd7 Rc1+ 35. Kh2 Kf7 36. Rd3 Rb1 37. Rb7 Kf6 38. Kg3 Rb2 39. Rb8 Rc6
40. Re3 e6 41. Rf8+ Kg7 42. Rb8 g5 43. Rd3 f4+ 44. Kf3 Rcc2 45. Rxb6 Rxf2+ 46.
Ke4 Rbe2+ 47. Kd4 Rxg2 48. b4 Rg3 49. b5 f3 50. Re3 f2 0-1

[Event "ENCI Limburg-open B"]
[Site "Maastricht"]
[Date "2010.05.23"]
[Round "4"]
[White "Moog, Gerhard"]
[Black "Dittmar, Thomas"]
[Result "1/2-1/2"]
[WhiteElo "1821"]
[BlackElo "1969"]
[PlyCount "66"]
[EventDate "2010.05.21"]
[EventType "swiss"]
[EventRounds "7"]
[EventCountry "NED"]
[Source "P.Boonen"]
[SourceDate "2010.10.01"]

1. e4 c6 2. d4 d5 3. e5 Bf5 4. Bd3 Bxd3 5. Qxd3 Qa5+ 6. Nc3 Qa6 7. Qxa6 Nxa6 8.
Be3 e6 9. O-O-O Ne7 10. f4 Nf5 11. Bf2 h5 12. Nf3 Be7 13. g3 b5 14. h3 b4 15.
Na4 c5 16. dxc5 Rc8 17. g4 Nh6 18. Rhg1 Nxc5 19. Nxc5 Bxc5 20. Bxc5 Rxc5 21.
Nd4 h4 22. Rg2 Kd7 23. Re2 g6 24. Rd3 Rhc8 25. Kb1 Ng8 26. f5 gxf5 27. gxf5
exf5 28. Nxf5 Ne7 29. Nxh4 Rh8 30. Ng2 Ng6 31. a3 bxa3 32. Rxa3 a5 33. Rf3 Ke6
1/2-1/2

[Event "ENCI Limburg-open B"]
[Site "Maastricht"]
[Date "2010.05.23"]
[Round "4"]
[White "Mueller, Sven"]
[Black "Heijenrath, Jan"]
[Result "1-0"]
[WhiteElo "1855"]
[BlackElo "1749"]
[PlyCount "63"]
[EventDate "2010.05.21"]
[EventType "swiss"]
[EventRounds "7"]
[EventCountry "NED"]
[Source "P.Boonen"]
[SourceDate "2010.10.01"]

1. d4 Nf6 2. c4 c5 3. d5 b5 4. cxb5 a6 5. Nc3 d6 6. Nf3 g6 7. e4 Bg7 8. Bd3
Nbd7 9. O-O O-O 10. Bg5 axb5 11. Bxb5 Ba6 12. a4 Qc7 13. Re1 Rfb8 14. Qe2 Qa5
15. Ra3 Nb6 16. Bd2 Nbd7 17. e5 dxe5 18. Nxe5 Bxb5 19. Nxb5 Qb6 20. Nc4 Qd8 21.
d6 e6 22. Nc7 Nd5 23. Nxa8 Rxa8 24. a5 Rb8 25. a6 Nb4 26. Bc3 Bxc3 27. bxc3 Nd5
28. a7 Ra8 29. Rb1 Nxc3 30. Rxc3 Rxa7 31. h3 Qf6 32. Ra3 1-0

[Event "ENCI Limburg-open B"]
[Site "Maastricht"]
[Date "2010.05.23"]
[Round "4"]
[White "Rodriguez, Abelardo"]
[Black "Zegstroo, Martin"]
[Result "1/2-1/2"]
[WhiteElo "1734"]
[BlackElo "1861"]
[PlyCount "86"]
[EventDate "2010.05.21"]
[EventType "swiss"]
[EventRounds "7"]
[EventCountry "NED"]
[Source "P.Boonen"]
[SourceDate "2010.10.01"]

1. e4 e5 2. Nf3 Nc6 3. Bc4 Nf6 4. d3 Be7 5. Bg5 d6 6. Nc3 Be6 7. Bb3 Bxb3 8.
axb3 O-O 9. O-O h6 10. Be3 a6 11. Ne2 d5 12. Ng3 dxe4 13. dxe4 Qxd1 14. Rfxd1
Rfd8 15. h3 Kh7 16. Bd2 g6 17. Bc3 Rxd1+ 18. Rxd1 Bd6 19. Kf1 Re8 20. h4 Re7
21. Ne1 Nd4 22. f3 Nd7 23. Bxd4 exd4 24. Ne2 Re5 25. Rxd4 Rh5 26. g3 g5 27. Ng2
gxh4 28. gxh4 Rc5 29. Ne3 Ne5 30. Kf2 Ng6 31. c3 Rh5 32. b4 Rxh4 33. Nf5 Rh2+
34. Ke3 Ne5 35. Nxd6 cxd6 36. b3 Rh3 37. Ng1 Rg3 38. Rd1 h5 39. Kf2 Rg6 40. Ne2
h4 41. Nf4 Rh6 42. Rh1 Kg7 43. Ke3 Kf8 1/2-1/2

[Event "ENCI Limburg-open B"]
[Site "Maastricht"]
[Date "2010.05.23"]
[Round "4"]
[White "Roufs, Gerard"]
[Black "Willen, Ronny"]
[Result "1-0"]
[WhiteElo "1984"]
[BlackElo "1899"]
[PlyCount "90"]
[EventDate "2010.05.21"]
[EventType "swiss"]
[EventRounds "7"]
[EventCountry "NED"]
[Source "P.Boonen"]
[SourceDate "2010.10.01"]

1. d4 Nf6 2. Nf3 g6 3. Bf4 Bg7 4. Nc3 d6 5. e4 O-O 6. Qd2 Re8 7. O-O-O c6 8.
Bh6 Bh8 9. Bd3 Qa5 10. Kb1 Nbd7 11. h4 b5 12. h5 b4 13. Ne2 Nxh5 14. e5 Ng7 15.
Bf4 dxe5 16. Nxe5 Nxe5 17. Bxe5 f6 18. Bc4+ Be6 19. Bxe6+ Nxe6 20. Qh6 Nf8 21.
Bf4 Bg7 22. Qh2 Rac8 23. Bh6 Qf5 24. Bxg7 Kxg7 25. Nf4 e5 26. dxe5 Rxe5 27.
Qh6+ Kg8 28. f3 Qg5 29. Qh2 a5 30. Nd3 Re2 31. Nf4 Re7 32. Rhe1 Rce8 33. Rxe7
Rxe7 34. g4 Qe5 35. Qd2 Rd7 36. Nd3 Qd5 37. Qe2 Qe6 38. Qf1 Qd5 39. Nf2 Qe5 40.
Nd3 Qe7 41. Re1 Qd6 42. Rd1 c5 43. Nf2 Qc6 44. Ne4 Rxd1+ 45. Qxd1 Qd7 1-0

[Event "ENCI Limburg-open B"]
[Site "Maastricht"]
[Date "2010.05.23"]
[Round "4"]
[White "Sofic, Narcis"]
[Black "Mueller, Claudia"]
[Result "1/2-1/2"]
[WhiteElo "1922"]
[BlackElo "2033"]
[PlyCount "74"]
[EventDate "2010.05.21"]
[EventType "swiss"]
[EventRounds "7"]
[EventCountry "NED"]
[Source "P.Boonen"]
[SourceDate "2010.10.01"]

1. d4 d5 2. Nf3 Nf6 3. c4 c6 4. Nc3 g6 5. e3 Bg7 6. Qb3 O-O 7. Be2 dxc4 8. Bxc4
Nbd7 9. O-O Nb6 10. Bd3 Be6 11. Qc2 Nfd5 12. a3 Nxc3 13. bxc3 Bc4 14. Bxc4 Nxc4
15. Qb3 b5 16. Nd2 Nxd2 17. Bxd2 a6 18. f4 c5 19. f5 cxd4 20. cxd4 gxf5 21.
Rxf5 Bxd4 22. Rd5 Bxa1 23. Rxd8 Rfxd8 24. Bb4 Rd7 25. Kf2 Rad8 26. Qc2 Be5 27.
Qf5 Bd6 28. Ba5 Bc7 29. Bc3 f6 30. Qe6+ Kg7 31. g4 Bxh2 32. Ba5 Bc7 33. Bc3 Kf8
34. Qxa6 Rd5 35. Qe6 Rd3 36. Bxf6 exf6 37. Qxf6+ Kg8 1/2-1/2

[Event "ENCI Limburg-open B"]
[Site "Maastricht"]
[Date "2010.05.23"]
[Round "4"]
[White "Staudte, Rainer"]
[Black "Thoma, Sophia"]
[Result "1-0"]
[WhiteElo "1947"]
[BlackElo "1894"]
[PlyCount "87"]
[EventDate "2010.05.21"]
[EventType "swiss"]
[EventRounds "7"]
[EventCountry "NED"]
[Source "P.Boonen"]
[SourceDate "2010.10.01"]

1. d4 e6 2. c4 f5 3. g3 Nf6 4. Bg2 g6 5. Nf3 Bg7 6. Nc3 O-O 7. O-O d6 8. Re1 h6
9. e4 fxe4 10. Nxe4 Nxe4 11. Rxe4 g5 12. h3 Qf6 13. Bd2 b6 14. Bc3 Bb7 15. d5
e5 16. Qe1 a5 17. Nd2 Nd7 18. Re3 Nc5 19. Ne4 Qf5 20. Nxc5 bxc5 21. Rf3 Qc2 22.
Rxf8+ Rxf8 23. Be4 Qa4 24. b3 Qd7 25. g4 h5 26. Bf5 Rxf5 27. gxf5 Qxf5 28. Qe3
c6 29. Rd1 cxd5 30. cxd5 g4 31. h4 Kh7 32. Bxa5 Bh6 33. Qe2 e4 34. Bd2 Bg7 35.
Be3 Bxd5 36. Qd2 Bb7 37. Qxd6 Qf3 38. Rc1 Bc8 39. Rxc5 g3 40. Qxg3 Qd1+ 41. Kh2
Bg4 42. Rc7 Kh8 43. Bf4 Qa1 44. Rxg7 1-0

[Event "ENCI Limburg-open B"]
[Site "Maastricht"]
[Date "2010.05.23"]
[Round "4"]
[White "Strauss, Erich"]
[Black "Stern, Geoffrey"]
[Result "1-0"]
[WhiteElo "1781"]
[BlackElo "1956"]
[PlyCount "89"]
[EventDate "2010.05.21"]
[EventType "swiss"]
[EventRounds "7"]
[EventCountry "NED"]
[Source "P.Boonen"]
[SourceDate "2010.10.01"]

1. e4 e6 2. Nc3 d5 3. g3 Nf6 4. Bg2 c5 5. d3 Nc6 6. h3 Be7 7. a3 b6 8. Bf4 Bb7
9. Nge2 O-O 10. g4 d4 11. Nb1 Nd7 12. Nd2 Nde5 13. Nf3 Nxf3+ 14. Bxf3 Rc8 15.
Qd2 a6 16. Bg2 e5 17. Bg3 b5 18. b3 f6 19. h4 c4 20. b4 cxd3 21. cxd3 a5 22.
bxa5 Qxa5 23. f4 Ra8 24. Qxa5 Rxa5 25. g5 Rfa8 26. gxf6 gxf6 27. Bh3 Rxa3 28.
Be6+ Kh8 29. Rd1 Nb4 30. Nc1 Nc2+ 31. Ke2 Ne3 32. Rdg1 Bd6 33. fxe5 Bxe5 34.
Bxe5 fxe5 35. Rg5 Re8 36. Rhg1 h6 37. Rg6 Kh7 38. Bg8+ Rxg8 39. Rxg8 h5 40.
R1g7+ Kh6 41. Rxb7 Rc3 42. Rg1 Rc2+ 43. Kf3 Ng4 44. Rxb5 Rf2+ 45. Kg3 1-0

[Event "ENCI Limburg-open B"]
[Site "Maastricht"]
[Date "2010.05.23"]
[Round "4"]
[White "Taverniers, Peter"]
[Black "Hill, Nick"]
[Result "1/2-1/2"]
[WhiteElo "1783"]
[BlackElo "1773"]
[PlyCount "97"]
[EventDate "2010.05.21"]
[EventType "swiss"]
[EventRounds "7"]
[EventCountry "NED"]
[Source "P.Boonen"]
[SourceDate "2010.10.01"]

1. c4 c6 2. Nc3 Nf6 3. Nf3 d5 4. cxd5 cxd5 5. d4 e6 6. Bf4 Bd6 7. Bxd6 Qxd6 8.
e3 O-O 9. Bd3 Bd7 10. O-O Bc6 11. Ne5 a6 12. Rc1 b5 13. a3 Bd7 14. f4 b4 15.
axb4 Nc6 16. b5 Nb4 17. Nxd7 Qxd7 18. bxa6 Nxd3 19. Qxd3 Rfb8 20. Qe2 Ne8 21.
Ra1 Nd6 22. Ra2 Qc6 23. Rfa1 Nc4 24. Nd1 Rb6 25. a7 Rb7 26. Qc2 Na5 27. Qxc6
Nxc6 28. Kf2 g6 29. Ke2 Kf8 30. Kd2 Ke8 31. Nf2 Rbxa7 32. Rxa7 Rxa7 33. Rxa7
Nxa7 34. Kc3 Kd7 35. Ng4 Nb5+ 36. Kb4 Nd6 37. Nf2 Nc4 38. Nd1 Kc6 39. Kc3 Nd6
40. Nf2 h5 41. b3 Kb5 42. g4 hxg4 43. Nxg4 Ne4+ 44. Kc2 Nd6 45. Ne5 Nf5 46. Kd3
Nd6 47. Kc2 Kb4 48. Kb2 Ka5 49. Kc2 1/2-1/2

[Event "ENCI Limburg-open B"]
[Site "Maastricht"]
[Date "2010.05.23"]
[Round "4"]
[White "Timmermans, Stefan"]
[Black "Visser, Sebastiaan"]
[Result "1/2-1/2"]
[WhiteElo "1865"]
[BlackElo "1731"]
[PlyCount "68"]
[EventDate "2010.05.21"]
[EventType "swiss"]
[EventRounds "7"]
[EventCountry "NED"]
[Source "P.Boonen"]
[SourceDate "2010.10.01"]

1. d4 f5 2. Bg5 Nf6 3. Nc3 e6 4. e4 Be7 5. exf5 exf5 6. Bxf6 Bxf6 7. Qe2+ Qe7
8. Qxe7+ Bxe7 9. Nd5 Bd6 10. O-O-O O-O 11. Bc4 Kh8 12. Nf3 b5 13. Bd3 a6 14.
Rhe1 Bb7 15. Ne3 Bf4 16. Kb1 g6 17. h4 Nc6 18. c3 b4 19. c4 Na5 20. h5 Rae8 21.
hxg6 hxg6 22. Nd5 Bd6 23. Ng5 Kg7 24. Rxe8 Rxe8 25. Rh1 Bxd5 26. cxd5 b3 27. a3
c5 28. dxc6 Nxc6 29. d5 Nd4 30. Bxa6 Kf6 31. Nf3 Nxf3 32. gxf3 Bc5 33. Bc4 Bxf2
34. Rf1 Re3 1/2-1/2

[Event "ENCI Limburg-open B"]
[Site "Maastricht"]
[Date "2010.05.23"]
[Round "4"]
[White "Van Herck, Raf"]
[Black "Ibrahim, Ashraf"]
[Result "1/2-1/2"]
[WhiteElo "1683"]
[BlackElo "1819"]
[PlyCount "35"]
[EventDate "2010.05.21"]
[EventType "swiss"]
[EventRounds "7"]
[EventCountry "NED"]
[Source "P.Boonen"]
[SourceDate "2010.10.01"]

1. Nc3 e5 2. Nf3 Nc6 3. d4 exd4 4. Nxd4 Bc5 5. Be3 Bb6 6. g3 Qf6 7. Nd5 Qe5 8.
Nxb6 axb6 9. Bg2 Nf6 10. c3 Nxd4 11. Bxd4 Qe6 12. a3 O-O 13. O-O d6 14. Qd2 Rb8
15. Qg5 h6 16. Qf4 Nd5 17. Qd2 Ne7 18. Qd3 1/2-1/2

[Event "ENCI Limburg-open B"]
[Site "Maastricht"]
[Date "2010.05.23"]
[Round "4"]
[White "Van Herck, Rob"]
[Black "Keetman, Maaike"]
[Result "1-0"]
[WhiteElo "1809"]
[BlackElo "1738"]
[PlyCount "105"]
[EventDate "2010.05.21"]
[EventType "swiss"]
[EventRounds "7"]
[EventCountry "NED"]
[Source "P.Boonen"]
[SourceDate "2010.10.01"]

1. e4 c6 2. Nc3 d5 3. d4 dxe4 4. Nxe4 Bf5 5. Ng3 Bg6 6. h4 h6 7. Nf3 Nd7 8. h5
Bh7 9. Bd3 Bxd3 10. Qxd3 e6 11. Bd2 Ngf6 12. c4 Bd6 13. Ne4 Nxe4 14. Qxe4 Nf6
15. Qc2 Qc7 16. O-O-O O-O-O 17. g3 Ng4 18. c5 Be7 19. Qa4 Qb8 20. Bf4 Qa8 21.
Qa5 Rd7 22. Ne5 Nxe5 23. Bxe5 Bd8 24. Qe1 Rg8 25. Qe4 Bc7 26. Qh7 Rdd8 27. Bxg7
a5 28. Bf6 Rdf8 29. Qxh6 Qa6 30. Qe3 Qc4+ 31. Kb1 Qd5 32. Be5 Bxe5 33. dxe5 Qc4
34. Qd4 Qe2 35. Qd2 Qxe5 36. Qd7+ Kb8 37. Qd6+ Qxd6 38. cxd6 Kc8 39. h6 Rg6 40.
Rh5 b6 41. d7+ Kd8 42. Rd6 Rh8 43. Rxc6 Kxd7 44. Rxb6 Rhxh6 45. Rb7+ Kc6 46.
Rxh6 Kxb7 47. Rxg6 fxg6 48. Kc2 Kc6 49. Kc3 Kc5 50. a3 e5 51. b3 g5 52. b4+
axb4+ 53. axb4+ 1-0

[Event "ENCI Limburg-open B"]
[Site "Maastricht"]
[Date "2010.05.23"]
[Round "4"]
[White "Van Meegen, Ruud"]
[Black "Gunther, Marcella"]
[Result "1-0"]
[WhiteElo "1956"]
[BlackElo "1881"]
[PlyCount "27"]
[EventDate "2010.05.21"]
[EventType "swiss"]
[EventRounds "7"]
[EventCountry "NED"]
[Source "P.Boonen"]
[SourceDate "2010.10.01"]

1. e4 e5 2. Nf3 Nc6 3. Bc4 Nf6 4. d4 exd4 5. Ng5 Ne5 6. Bb3 Bb4+ 7. c3 dxc3 8.
bxc3 Bc5 9. f4 Neg4 10. Bxf7+ Kf8 11. Ne6+ dxe6 12. Qxd8+ Kxf7 13. Qxh8 Bf8 14.
e5 1-0

[Event "ENCI Limburg-open B"]
[Site "Maastricht"]
[Date "2010.05.23"]
[Round "4"]
[White "Van den Born, Ico"]
[Black "Uckerman, John"]
[Result "1-0"]
[WhiteElo "1898"]
[BlackElo "1706"]
[PlyCount "69"]
[EventDate "2010.05.21"]
[EventType "swiss"]
[EventRounds "7"]
[EventCountry "NED"]
[Source "P.Boonen"]
[SourceDate "2010.10.01"]

1. c4 Nf6 2. g3 Nc6 3. Bg2 e5 4. Nc3 Bb4 5. Nd5 O-O 6. Nf3 Re8 7. Nxb4 Nxb4 8.
d3 c5 9. O-O Nc6 10. Ne1 h6 11. e4 d6 12. h3 g5 13. f4 gxf4 14. gxf4 Kh7 15.
Qd2 Ng8 16. f5 f6 17. Rf3 Re7 18. Rg3 Rg7 19. Rxg7+ Kxg7 20. Bf3 Qe8 21. Nc2
Nce7 22. Ne3 Qf8 23. b4 Kh7 24. Ba3 b6 25. Kh2 h5 26. Rg1 Qh6 27. Nf1 Bd7 28.
Bc1 cxb4 29. Qe1 Qf8 30. Qxb4 Nc6 31. Qe1 Be8 32. Qh4 Nd4 33. Bxh5 Bxh5 34.
Qxh5+ Nh6 35. Rg6 1-0

[Event "ENCI Limburg-open B"]
[Site "Maastricht"]
[Date "2010.05.23"]
[Round "4"]
[White "Van der Burgt, Dennis"]
[Black "Geboers, Jimmy"]
[Result "0-1"]
[WhiteElo "1783"]
[BlackElo "1977"]
[PlyCount "38"]
[EventDate "2010.05.21"]
[EventType "swiss"]
[EventRounds "7"]
[EventCountry "NED"]
[Source "P.Boonen"]
[SourceDate "2010.10.01"]

1. Nc3 d5 2. e4 e6 3. d4 Nf6 4. Bg5 Be7 5. exd5 Nxd5 6. Bxe7 Qxe7 7. Nxd5 exd5+
8. Qe2 Be6 9. c3 O-O 10. Nf3 Re8 11. O-O-O Nd7 12. Qd2 Bg4 13. Qf4 Nf6 14. Bd3
Bxf3 15. Qxf3 Ne4 16. Qf5 c6 17. f3 g6 18. Qf4 Nf2 19. Kd2 Nxd3 0-1

[Event "ENCI Limburg-open B"]
[Site "Maastricht"]
[Date "2010.05.23"]
[Round "4"]
[White "Verhelst, Henk"]
[Black "Beeren, Thom"]
[Result "1-0"]
[WhiteElo "1710"]
[BlackElo "1858"]
[PlyCount "33"]
[EventDate "2010.05.21"]
[EventType "swiss"]
[EventRounds "7"]
[EventCountry "NED"]
[Source "P.Boonen"]
[SourceDate "2010.10.01"]

1. d4 c5 2. e3 d5 3. c3 e6 4. Bd3 Nf6 5. Nd2 b6 6. f4 Bb7 7. h3 h5 8. Ngf3 Nbd7
9. O-O Qc7 10. Ng5 Bd6 11. Ndf3 Ke7 12. Ne5 Raf8 13. Qa4 c4 14. Bb1 a6 15.
Ngxf7 Bxe5 16. Nxh8 Rxh8 17. fxe5 1-0

[Event "ENCI Limburg-open B"]
[Site "Maastricht"]
[Date "2010.05.23"]
[Round "4"]
[White "Whitmire, James David"]
[Black "Hauglustaine, Sander"]
[Result "1-0"]
[WhiteElo "1957"]
[BlackElo "1782"]
[PlyCount "67"]
[EventDate "2010.05.21"]
[EventType "swiss"]
[EventRounds "7"]
[EventCountry "NED"]
[Source "P.Boonen"]
[SourceDate "2010.10.01"]

1. e4 c5 2. Nf3 Nc6 3. Nc3 g6 4. Bc4 Bg7 5. O-O e6 6. Re1 Nge7 7. e5 d5 8. exd6
Qxd6 9. Ne4 Qc7 10. d3 b6 11. Bg5 O-O 12. Qd2 Nd4 13. Nxd4 cxd4 14. Nf6+ Kh8
15. Bf4 Qc6 16. Be5 Bb7 17. Qg5 Nf5 18. Re4 Rfd8 19. h4 Qc5 20. Rae1 Bxe4 21.
Rxe4 h5 22. Bxe6 Bh6 23. Ng4+ Kh7 24. Nxh6 Nxh6 25. Qf6 Qf8 26. Bh3 Rd5 27.
Bxd4 Rad8 28. Bc3 R8d6 29. Qf3 Rd8 30. Bf6 Rb8 31. Re7 Rd6 32. Rxa7 Nf5 33. Be5
Re8 34. Bc3 1-0

[Event "ENCI Limburg-open B"]
[Site "Maastricht"]
[Date "2010.05.23"]
[Round "5"]
[White "Begri, Felix"]
[Black "Tjong-Akiet, Raf"]
[Result "1-0"]
[WhiteElo "1905"]
[BlackElo "1772"]
[PlyCount "67"]
[EventDate "2010.05.21"]
[EventType "swiss"]
[EventRounds "7"]
[EventCountry "NED"]
[Source "P.Boonen"]
[SourceDate "2010.10.01"]

1. d4 e6 2. c4 Bb4+ 3. Bd2 Bxd2+ 4. Nxd2 Qe7 5. Ngf3 d6 6. e4 e5 7. d5 f5 8.
exf5 Bxf5 9. Qb3 b6 10. Be2 h6 11. O-O-O a5 12. Rhe1 Na6 13. Nd4 Bd7 14. Bh5+
Kd8 15. Bg4 Qh4 16. Bxd7 Qxd4 17. Bc6 Nc5 18. Qc2 Nd3+ 19. Kb1 Nxe1 20. Rxe1
Ra7 21. Ne4 Nf6 22. Nxf6 gxf6 23. Qf5 Ke7 24. Qe6+ Kf8 25. Qxf6+ Kg8 26. Bd7
Qf4 27. Qg6+ Kf8 28. Re3 Rg8 29. Qe8+ Kg7 30. Qe7+ Kg6 31. Rg3+ Kh5 32. Be8+
Rxe8 33. Qxe8+ Kh4 34. Qg6 1-0

[Event "ENCI Limburg-open B"]
[Site "Maastricht"]
[Date "2010.05.23"]
[Round "5"]
[White "Bieberle, Gerhart"]
[Black "De Strycker, Nathan"]
[Result "1/2-1/2"]
[WhiteElo "1947"]
[BlackElo "1753"]
[PlyCount "110"]
[EventDate "2010.05.21"]
[EventType "swiss"]
[EventRounds "7"]
[EventCountry "NED"]
[Source "P.Boonen"]
[SourceDate "2010.10.01"]

1. d4 Nf6 2. c4 g6 3. Nc3 Bg7 4. e4 d6 5. Be3 O-O 6. Bd3 Ng4 7. Nge2 Nxe3 8.
fxe3 Nd7 9. O-O c5 10. Bc2 a6 11. b3 e6 12. Rb1 Qa5 13. Kh1 b5 14. Qd3 b4 15.
Na4 Nb6 16. Nxb6 Qxb6 17. Rfd1 Bb7 18. d5 e5 19. Rf1 Bc8 20. Rf2 Bd7 21. Ra1 f5
22. Qd2 fxe4 23. Rxf8+ Rxf8 24. Bxe4 Bh6 25. Ng3 a5 26. Rf1 Rxf1+ 27. Nxf1 Qd8
28. Qf2 Kg7 29. h3 Bg5 30. Kh2 Qf6 31. Qxf6+ Bxf6 32. Kg3 Be7 33. Kf3 Bc8 34.
g4 Bh4 35. Nh2 Bd7 36. Ke2 Be7 37. Nf3 Bd8 38. Bd3 Be7 39. Nd2 h5 40. Kf3 h4
41. Ne4 Bc8 42. Kg2 Bd7 43. Nd2 Bg5 44. Kf2 Bc8 45. Nf3 Kf6 46. Nd2 Kg7 47. Kf3
Be7 48. Ke4 Bd7 49. Nf3 Bf6 50. Bf1 g5 51. Ne1 Be8 52. Bd3 Bg6+ 53. Kf3 Bxd3
54. Nxd3 Be7 55. Ke4 Kf6 1/2-1/2

[Event "ENCI Limburg-open B"]
[Site "Maastricht"]
[Date "2010.05.23"]
[Round "5"]
[White "Blijlevens, Pim"]
[Black "Cebula, Jerzy"]
[Result "1-0"]
[WhiteElo "1908"]
[BlackElo "2018"]
[PlyCount "29"]
[EventDate "2010.05.21"]
[EventType "swiss"]
[EventRounds "7"]
[EventCountry "NED"]
[Source "P.Boonen"]
[SourceDate "2010.10.01"]

1. d4 Nf6 2. Bg5 Ne4 3. Bh4 g5 4. f3 c5 5. fxe4 gxh4 6. e3 Qb6 7. Nc3 e6 8. Nf3
Bg7 9. e5 Nc6 10. Ne4 Qxb2 11. Rb1 Qa3 12. Kf2 b6 13. Nd6+ Ke7 14. Bb5 Nd8 15.
Nc4 1-0